| 000 | 00703cam a2200229 a 4500 | ||
|---|---|---|---|
| 001 | 000025009 | ||
| 005 | 20200930023515.0 | ||
| 008 | 901219s1976 sp 000 | spa d | ||
| 040 |
_aDO-SdBNP _bspa _cBNPHU |
||
| 082 |
_a830.6 _bH462P |
||
| 100 | 1 |
_aPlebe, Armando _945580 |
|
| 245 | 1 | 0 |
_aHegel / _cArmando Plebe ; traducción J.A. Méndez Borra. |
| 260 |
_aMadrid : _bDoncel, _c1976. |
||
| 300 |
_a180 p. ; _c18 cm. |
||
| 490 | 1 | _aEl Libro de Bolsillo Doncel | |
| 504 | _aBiliografía : p. 179-180 | ||
| 500 | _aIncluye lista de la colección | ||
| 650 | 4 |
_aLiteratura alemana _93274 |
|
| 700 | 1 |
_aMéndez Borra, J.A. _etr. _951320 |
|
| 830 | 0 |
_aEl Libro de Bolsillo Doncel _98628 |
|
| 049 | _aBNGR | ||
| 999 |
_c24502 _d24502 |
||